Quiz "Starmania" - Statistiques

Statistiques générales
  • Ce quiz a été pris 38 fois
    37 depuis la dernière actualisation
  • Le résultat moyen est 21 sur 36
Statistiques - réponses
Question Réponse % Correct
Quel garçon n'est pas comme les autres ? Ziggy
100%
La vie sera plus facile dans les villes de quelle année ? 2000
91%
Selon Marie-Jeanne, le monde est... Stone
91%
Comment s'appelle le soi-disant personnage principal ? Celui qui vient de la banlieue nord... Johnny Rockfort
88%
De quel artiste s'inspire ce nom ? David Bowie
82%
Comment s'appelle le café situé dans les souterrains de la ville ? Underground café
82%
Qui y travaille ? Marie-Jeanne
79%
Qui a composé les musiques de Starmania Michel Berger
79%
Avec qui finit-il par se marier ? Stella Spotlight
79%
Qui a chanté pour la première fois la musique "S.O.S. d'un terrien en détresse" ? Daniel Balavoine
76%
Comment s'appelle la ville dans lequel se passe l'histoire ? Monopolis
76%
Qui a été la première personne a avoir chanté cette chanson (réponse à la question précédente) ? France Gall
73%
Comment s'appelle le groupe terroriste présent dans Starmania ? Les étoiles noires
73%
Sadia n'est pas une femme, c'est un... Travesti
73%
En quelle année est présenté le spectacle pour la première fois ? 1979
70%
Comment s'appelle la discothèque tournante en haut de la grande tour de la ville ? Naziland
70%
Qui aurait aimé être un artiste ? Zéro Janvier
70%
Qui présente l'émission Starmania ? Cristal
67%
Qui met le feu au buildings ? Les zonards
67%
Complétez le nom de ce personnage : le grand gourou... Marabout
52%
Qui présente le journal télévisé ? Roger-Roger
52%
Qui a écrit le livret de cet opéra rock Luc Plamandon
45%
Que sera la voie lactée ? Son voile nuptial
45%
Quand est-ce qu'on y danse ? Ce soir
42%
Qui a reprit cette musique en anglais ? (réponse à la question précédente) Cindy Lauper
42%
Que signifient les lettres de P.P.P.P. ? Parti Pris Pour le Progrès
42%
Et qu'est-ce qui sera une aurore boréale ? Sa robe de mariée
42%
L'histoire se déroule durant les élections d'un pays ? Comment s'appelle-t-il ? l'Occident
39%
Dans cette version, qui chante "Tonight We Dance (Extravagance!)" ? Céline Dion
36%
De quelle couleur est la grande tour régnant sur la ville ? Dorée
36%
Dans "le rêve de Stella Spotlight", que sera la lune pour elle ? Son diadème
36%
Dans le programme électoral du chef du parti d'extrême droite, que sera la prochaine capitale ? Une station spatiale
33%
Quel est le dernier film dans lequel joue ce personnage ? (remake d'un film préexistant) Boulevard du crépuscule
27%
Comment s'appelle la version anglophone du spectacle ? Tycoon
27%
De quoi Johnny R. a besoin pour faire "dodo" ? Du ronron des motos
18%
Quel est le nom complet de la première version de l'opéra rock ? Starmania ou... La passion de Johnny Rockfort selon les évangiles télévisés
15%
Aucun quiz correspondant
Distribution des résultats
% des personnes avec chaque résultat
Percentile par nombre de réponses
Votre historique - résultats
Vous n’avez pas pris ce quiz depuis la dernière actualisation